|
|
|
|
| LEADER |
01811nam a2200301 u 4500 |
| 001 |
10114707 |
| 003 |
upatras |
| 005 |
20241106120543.0 |
| 008 |
141223s2007 gr gre |
| 020 |
|
|
|a 9789600220674
|
| 040 |
|
|
|a GR-PaULI
|b gre
|c GR-PaULI
|e AACR2
|
| 041 |
0 |
|
|a gre
|
| 082 |
0 |
4 |
|2 22
|a 378.495
|
| 110 |
|
0 |
|a Κέντρο Ευρωπαϊκού Συνταγματικού Δικαίου
|b Ίδρυμα Θεμιστοκλή και Δημήτρη Τσάτσου
|9 142045
|
| 245 |
0 |
2 |
|a Η μεταρρύθμιση του ελληνικού πανεπιστημίου /
|c Κέντρο Ευρωπαϊκού Συνταγματικού Δικαίου "Ίδρυμα Θεμιστοκλή και Δημήτρη Τσάτσου" ; επιστημονική επιμέλεια: Διονύσης Κλάδης, Ξενοφών Κοντιάδης, Γιάννης Πανούσης.
|
| 260 |
|
|
|a Αθήνα :
|b Εκδόσεις Παπαζήση,
|c 2007.
|
| 300 |
|
|
|a 405 σ. ;
|c 24 εκ.
|
| 504 |
|
|
|a Περιέχει βιβλιογραφικές παραπομπές.
|
| 650 |
|
4 |
|a Εκπαίδευση, Ανώτατη
|z Ελλάδα
|9 5118
|
| 650 |
|
4 |
|a Εκπαιδευτικές μεταρρυθμίσεις
|z Ελλάδα
|9 13061
|
| 700 |
1 |
|
|a Κλάδης, Διονύσης Ι.
|e επιμελητής
|9 45269
|
| 700 |
1 |
|
|a Κοντιάδης, Ξενοφών Ι.,
|d 1967-
|e επιμελητής
|9 142046
|
| 700 |
1 |
|
|a Πανούσης, Γιάννης Α.,
|d 1949-
|e επιμελητής
|9 77384
|
| 852 |
|
|
|a GR-PaULI
|b ΠΑΤΡΑ
|b ΠΤΔΕ
|k ΑΣΧΕ
|h 378.495 MET
|m 11461
|p 025000211236
|t 1
|
| 942 |
|
|
|2 ddc
|c BK15
|
| 952 |
|
|
|0 0
|1 0
|4 0
|6 378_495000000000000_MET
|7 0
|9 172284
|a PTDE
|b PTDE
|d 2016-04-24
|i 11461
|l 0
|o 378.495 MET
|p 025000211236
|r 2016-04-24 00:00:00
|t 1
|w 2016-04-24
|y BK15
|
| 998 |
|
|
|c ΤΣΕΝΕ
|d 2014-12
|
| 999 |
|
|
|c 107858
|d 107858
|